000 00329nam a2200097Ia 4500
008 220204s9999 xx 000 0 und d
082 _a82-94
_bMAT
245 0 _aK.J.Mathew 1949-2012: Collected papers of speeches presented at MATHEWSMARANA, 2 November 2012, Thiruvananthapuram
505 _aPrinted by Smt Molly Mathew
942 _cBK
999 _c44909
_d44909